<?xml version="1.0" encoding="UTF-8"?>
<collection xmlns="http://www.loc.gov/MARC21/slim">
 <record>
  <leader>01590nam a2200217Ia 4500</leader>
  <controlfield tag="001">CTU_83253</controlfield>
  <controlfield tag="008">210402s9999    xx            000 0 und d</controlfield>
  <datafield tag="082" ind1=" " ind2=" ">
   <subfield code="a">636.2085</subfield>
  </datafield>
  <datafield tag="082" ind1=" " ind2=" ">
   <subfield code="b">Ng528</subfield>
  </datafield>
  <datafield tag="088" ind1=" " ind2=" ">
   <subfield code="a">60620105</subfield>
  </datafield>
  <datafield tag="100" ind1=" " ind2=" ">
   <subfield code="a">Âu, Thị Ánh Nguyệt</subfield>
  </datafield>
  <datafield tag="245" ind1=" " ind2="0">
   <subfield code="a">So sánh tác dụng của xác mì, xác mì có xử lý với cỏ tươi và rơm có hoặc không xử lý urê đối với môi trường dạ cỏ bò</subfield>
  </datafield>
  <datafield tag="245" ind1=" " ind2="0">
   <subfield code="c">Âu Thị Ánh Nguyệt</subfield>
  </datafield>
  <datafield tag="260" ind1=" " ind2=" ">
   <subfield code="a">Cần Thơ</subfield>
  </datafield>
  <datafield tag="260" ind1=" " ind2=" ">
   <subfield code="b">Trường Đại học Cần Thơ</subfield>
  </datafield>
  <datafield tag="260" ind1=" " ind2=" ">
   <subfield code="c">2001</subfield>
  </datafield>
  <datafield tag="520" ind1=" " ind2=" ">
   <subfield code="a">Cỏ là thức ăn tốt phù hợp cho trâu bò thể hiện rõ ở khả năng ăn vào ngày rất cao 5.21kg VCK/ngày. Các loại thức ăn khác như xác mì, urê, cỏ tự nhiên có thể được dùng để làm thức ăn bổ sung vào khẩu phần cơ bản dựa vào phụ phẩm cây trồng nhiều xơ được nhiều nông dân sử dụng là rơm với mục đích cải thiện tốt môi trường dạ cỏ để tăng năng suất vật nuôi. Ngay cả khi sử dụng cỏ tự nhiên thì việc bổ sung thêm xác mì ủ urê cũng đã mang lại kết quả khả quan hơn thể hiện rõ trong chỉ số nồng độ NH3 của dịch dạ cỏ tăng lên.</subfield>
  </datafield>
  <datafield tag="650" ind1=" " ind2=" ">
   <subfield code="a">Cattle</subfield>
  </datafield>
  <datafield tag="650" ind1=" " ind2=" ">
   <subfield code="x">Breeding</subfield>
  </datafield>
  <datafield tag="904" ind1=" " ind2=" ">
   <subfield code="i">TRuc, Qhieu</subfield>
  </datafield>
  <datafield tag="980" ind1=" " ind2=" ">
   <subfield code="a">Trung tâm Học liệu Trường Đại học Cần Thơ</subfield>
  </datafield>
 </record>
</collection>
